#6 Fußball WM Teilnehmer ? - Statistiken

Allgemein
  • Dieses Quiz wurde 191 mal gespielt
  • Das Durchschnittsergebnis liegt bei 6 aus 10
Answers on the Grid
Answers color-coded by a green-red scale on the quiz's grid according to % correct below.
Irak
Israel
Sri Lanka
Finnland
Oman
Albanien
Belgien
Bolivien
Indonesien
Rumänien
Tunesien
Ecuador
Elfenbeinküste
Kanada
Kasachstan
 
Antwortstatistiken
Antwort % Korrekt
Belgien
89%
Kanada
81%
Elfenbeinküste
76%
Ecuador
73%
Rumänien
69%
Tunesien
66%
Bolivien
53%
Irak
45%
Israel
41%
Indonesien
18%
Keine übereinstimmenden Quizze gefunden
Verteilung der Resultate
Anzahl Personen mit jedem Resultat
Perzentil nach korrekt beantworteten Fragen
Ihre Resultats-Entwicklung
Sie haben dieses Quiz noch nicht gespielt